Carbonyl reactive antioxidant for natural rubber (Record no. 55202)

MARC details
000 -LEADER
fixed length control field 00426nam a2200133Ia 4500
100 ## - MAIN ENTRY--AUTHOR NAME
Personal name Fernando W S E
245 #0 - TITLE STATEMENT
Title Carbonyl reactive antioxidant for natural rubber
260 ## - PUBLICATION, DISTRIBUTION, ETC. (IMPRINT)
Name of publisher Proceedings of the International Rubber Conference, Kuala Lumpur, Malaysia, V.2. 1985; p153-162
650 ## - SUBJECT ADDED ENTRY--TOPICAL TERM
Topical Term Antioxidants
700 ## - ADDED ENTRY--PERSONAL NAME
Personal name Perera E D I H
700 ## - ADDED ENTRY--PERSONAL NAME
Personal name Perera K A R M
942 ## - ADDED ENTRY ELEMENTS (KOHA)
Koha item type Journals
Holdings
Withdrawn status Lost status Damaged status Not for loan Home library Current library Shelving location Date acquired Koha item type
      Journals RRII Library RRII Library Rubber chemistry 17/12/2021 Journals